000 00861cab a2200289 4500
001 ABS51662
008 090401t1994 xxu||||| |||| 00| 0 eng d
035 _a(Sirsi) u38149
041 _aeng
245 _aContractors ready for the overseas call
260 _c1994
350 _a0
490 _aConstruction News
_v(6392) 24 November 1994, 17-20(4)
520 _aA series of articles considering opportunities for contractors overseas as newly-privatised utilities companies move into this market.
650 _aBRITISH GAS
650 _aCONSTRUCTION MARKET
650 _aI CHEM E FORMS OF CONTRACT
650 _aNORTH WEST WATER
650 _aOVERSEAS
650 _aPOWERGEN
650 _aLATHAM REFORMS
650 _aUTILITY COMPANIES
650 _aWATER COMPANIES
690 _aBUILT ENVIRONMENT
942 _n0
948 _c04/03/1997
999 _c24514
_d24514